<?xml version="1.0" encoding="UTF-8"?><?xml-stylesheet type="text/xsl" href="static/style.xsl"?><OAI-PMH xmlns="http://www.openarchives.org/OAI/2.0/" xmlns:xsi="http://www.w3.org/2001/XMLSchema-instance" xsi:schemaLocation="http://www.openarchives.org/OAI/2.0/ http://www.openarchives.org/OAI/2.0/OAI-PMH.xsd"><responseDate>2026-06-01T09:15:22Z</responseDate><request verb="GetRecord" identifier="oai:riuma.uma.es:10630/27405" metadataPrefix="marc">https://riuma.uma.es/rest/oai/request</request><GetRecord><record><header><identifier>oai:riuma.uma.es:10630/27405</identifier><datestamp>2026-02-03T11:56:35Z</datestamp><setSpec>com_10630_2254</setSpec><setSpec>col_10630_37959</setSpec></header><metadata><record xmlns="http://www.loc.gov/MARC21/slim" xmlns:dcterms="http://purl.org/dc/terms/" xmlns:doc="http://www.lyncode.com/xoai" xmlns:xsi="http://www.w3.org/2001/XMLSchema-instance" xsi:schemaLocation="http://www.loc.gov/MARC21/slim http://www.loc.gov/standards/marcxml/schema/MARC21slim.xsd">
   <leader>00925njm 22002777a 4500</leader>
   <datafield ind2=" " ind1=" " tag="042">
      <subfield code="a">dc</subfield>
   </datafield>
   <datafield ind2=" " ind1=" " tag="720">
      <subfield code="a">Sánchez-Gómez, Carlos</subfield>
      <subfield code="e">author</subfield>
   </datafield>
   <datafield ind2=" " ind1=" " tag="720">
      <subfield code="a">Perotti, María Florencia</subfield>
      <subfield code="e">author</subfield>
   </datafield>
   <datafield ind2=" " ind1=" " tag="720">
      <subfield code="a">Meco, Victoriano</subfield>
      <subfield code="e">author</subfield>
   </datafield>
   <datafield ind2=" " ind1=" " tag="720">
      <subfield code="a">Domínguez, Eva</subfield>
      <subfield code="e">author</subfield>
   </datafield>
   <datafield ind2=" " ind1=" " tag="720">
      <subfield code="a">Heredia-Bayona, Antonio</subfield>
      <subfield code="e">author</subfield>
   </datafield>
   <datafield ind2=" " ind1=" " tag="720">
      <subfield code="a">Bayer, Emmanuelle M.</subfield>
      <subfield code="e">author</subfield>
   </datafield>
   <datafield ind2=" " ind1=" " tag="720">
      <subfield code="a">Franco-Zorrila, José Manuel</subfield>
      <subfield code="e">author</subfield>
   </datafield>
   <datafield ind2=" " ind1=" " tag="720">
      <subfield code="a">Martín-Pizarro, Carmen</subfield>
      <subfield code="e">author</subfield>
   </datafield>
   <datafield ind2=" " ind1=" " tag="720">
      <subfield code="a">Posé-Padilla, David</subfield>
      <subfield code="e">author</subfield>
   </datafield>
   <datafield ind2=" " ind1=" " tag="260">
      <subfield code="c">2023-07-09</subfield>
   </datafield>
   <datafield ind2=" " ind1=" " tag="520">
      <subfield code="a">Transcriptome changes during strawberry fruit ripening have been previously reported. However, we have identified genes with tissue- and stage-specific patterns in the receptacles of Fragaria vesca coupling LCM with RNA-seq analysis. In the study, we have focused on the Gene Regulatory Network at the epidermis in ripe fruits, since it is the external cell layer in direct contact with the environment and it plays an important role in defense, and, in contrast to receptacles of the commercial species, it is the only part of the fruit that accumulates anthocyanins. Consistently, a GO functional analysis of this GRN showed enrichment in genes involved in flavonoid and wax biosynthesis.&#xd;
   Three out of the several ripe epidermis-specific TFs were selected to study their biological role, one of them belonging to the MYB family (FvMYB29), and two bHLH-like proteins (FvbHLH22 and FvbHLH67). Protein interaction assays revealed that the FvMYB29 protein physically interacts with the two FvbHLHs. Genome-wide binding sites of these TFs were identified by DAP-seq, revealing that genes involved in flavonoid biosynthesis and cuticle composition are among the FvMYB29 targets, which was validated by transactivation assays. However, transactivation assays with different combinations of FvMYB29 and the two FvbHLH showed that the latter modulates the activation of transcription of the targets. Consistently with the role of FvMYB29 in the cuticle formation, stable FvMYB29-overexpressing lines showed a misregulation of genes related to cutin and wax biosynthesis in ripe fruits and leaves. Furthermore, FvMYB29-overexpressing fruits presented cuticular nanoridges. On the other hand, young leaves of FvMYB29-overexpression lines showed denser epicuticular waxes in the abaxial surface and an alteration in wax composition but compared to the control. All these results support the role of the FvMYB29-FvbHLH TF complex as an important regulator of cuticle structure in F. vesca.</subfield>
   </datafield>
   <datafield ind1="8" ind2=" " tag="024">
      <subfield code="a">https://hdl.handle.net/10630/27405</subfield>
   </datafield>
   <datafield tag="653" ind2=" " ind1=" ">
      <subfield code="a">Fresas - Aspectos moleculares</subfield>
   </datafield>
   <datafield ind2="0" ind1="0" tag="245">
      <subfield code="a">Role of ripe fruit epidermis-specific FvMYB29-FvbHLH transcription factor complexes in strawberry</subfield>
   </datafield>
</record>
</metadata></record></GetRecord></OAI-PMH>